Tests of significance (Record no. 336)

MARC details
000 -LEADER
fixed length control field 00435nam a2200169Ia 4500
020 ## - INTERNATIONAL STANDARD BOOK NUMBER
ISBN 0-8039-0625-8
082 ## - DEWEY DECIMAL CLASSIFICATION NUMBER
Classification number 300.72 HEN-;
100 ## - MAIN ENTRY--AUTHOR NAME
Personal name Henkel, Ramon E.
245 #0 - TITLE STATEMENT
Title Tests of significance
260 ## - PUBLICATION, DISTRIBUTION, ETC. (IMPRINT)
Place of publication London
Name of publisher Sage Publications
Year of publication 1976
300 ## - PHYSICAL DESCRIPTION
Number of Pages 92p.
504 ## - BIBLIOGRAPHY, ETC. NOTE
Bibliography, etc Includes index
650 ## - SUBJECT ADDED ENTRY--TOPICAL TERM
Topical Term Signification (Logic)
650 ## - SUBJECT ADDED ENTRY--TOPICAL TERM
Topical Term Social sciences - Research
650 ## - SUBJECT ADDED ENTRY--TOPICAL TERM
Topical Term Social sciences - Statistical methods
942 ## - ADDED ENTRY ELEMENTS (KOHA)
Koha item type Books
Holdings
Withdrawn status Lost status Damaged status Not for loan Home library Current library Date acquired Full call number Accession Number Price effective from Koha item type
        NASSDOC Library NASSDOC Library 08/06/2004 300.72 HEN-; 9629 18/04/2019 Books